Tamara de Lempicka : Parigi, 1920-1938 /

Gespeichert in:
Bibliographische Detailangaben
1. Verfasser: Mori, Gioia, (1956-2025) (Verfasst von)
Format: Buch
Sprache:Italienisch
Veröffentlicht: Firenze : Giunti, [1994]
Schlagworte:
Tags: Tag hinzufügen
Keine Tags, Fügen Sie das erste Tag hinzu!

MARC

LEADER 00000nam a2200000 i 4500
001 IT\ICCU\CFI\0288344
003 ItRI
005 20260115231859.0
008 950123s1994 it |||||| ||||| |||||c
015 |2 IT  |a 95-3246 
020 |a 8809205251 
020 |a 9788809014619 (5. rist. 2007) 
040 |b ita  |c importazione bologna sebina 
041 7 |a ita  |2 ISO-639-2 
082 |a 759.38  |9 PITTURA. Polonia  |2 20 
100 1 |a Mori, Gioia,  |d  (1956-2025)  |0 IT\ICCU\VIAV\095881  |4 aut 
245 1 0 |a Tamara de Lempicka :  |b Parigi, 1920-1938 /  |c Gioia Mori. 
260 |a Firenze :  |b Giunti,  |c [1994] 
300 |a 287 p. :  |b ill. ;  |c 28 cm. 
650 7 |a Lempicka, Tamara : de 
942 |2 ddc  |c BK  |n 0 
952 |0 0  |1 0  |4 0  |6 DOC_750_920000000000000_MOR  |7 0  |9 15147  |a BO  |b BO  |d 2026-01-15  |i 3430  |l 0  |o DOC 750.92 MOR  |p BO3430  |r 2026-01-15 23:18:59  |w 2026-01-15  |x [Sebina 7] [1 v.]  |y BK  |z 1 v. 
999 |c 13036  |d 13036